País Mais Parecido (em População) - Statistics

Estatísticas Gerais
  • Esse quiz foi jogado 105 vezes
  • A pontuação média é 4 de 12
Estatísticas das Respostas
População País Resposta População % Correto
1,379,020,000 China Índia 1,330,860,000
100%
324,594,000 United States Indonésia 260,581,000
71%
206,726,000 Brazil Paquistão 194,388,000
66%
127,110,047 Japan México 128,632,000
64%
842 Vatican City Nauru 10,084
34%
91,668,900 Egypt Vietname 92,700,000
22%
24,202,300 Australia Coreia do Norte 24,213,510
12%
31,015,999 Saudi Arabia Venezuela 31,028,700
10%
103,252 Tonga Granada 103,328
6%
14,240,168 Zimbabwe Chade 14,497,000
5%
378,040 Bahamas Belize 375,909
1%
22,434,363 Madagascar Costa do Marfim 22,671,331
1%
Nenhum quiz correspondente encontrado
Distribuição das Pontuações
Porcentagem de Pessoas com Cada Pontuação
Percentil de Números Respondidos
Sua Pontuação Histórica
Você não jogou esse quiz